000 00268nam a22001217a 4500
020 _a07214-1924-0
082 _a823
_bBIR/D
100 _aBIRKINSHAW, MARIE
245 _aDAISY LITTLE DANCER
260 _aUK
_bLADY BIRD
650 _aENGLISH SHORT STORY
_zUK
942 _cBK
999 _c2397
_d2397